Carregant...

Kaavyamanjusha/

Dades bibliogràfiques
Autor principal: Vallathol Narayana Menon
Format: Printed Book
Publicat: Kozhikode: Poorna, 1994.
Matèries:
LEADER 01006nam a22002051a 4500
020 |a 9788171804139 
082 |a M1  |b VAL/K 
100 |a Vallathol Narayana Menon  |9 91761 
245 |a Kaavyamanjusha/  |c by Vallathol Narayana Menon 
260 |a Kozhikode:  |b Poorna,  |c 1994. 
300 |a 159p. 
650 |a Poetry Malayalam  |9 91762 
650 |a Literature Malayalam  |9 91763 
650 |a Literature  |9 91764 
942 |c BK 
999 |c 22185  |d 22185 
952 |0 0  |1 0  |4 0  |6 M_1_000000000000000_VAL_K  |7 0  |9 31144  |a SSUS  |b SSUS  |c STACKS  |d 2015-01-08  |g 22.00  |o M1 VAL/K  |p 002165  |r 2015-01-08  |v 0.00  |w 2015-01-08  |y BK 
952 |0 0  |1 0  |4 0  |6 M_1_000000000000000_VAL_K  |7 0  |9 31145  |a SSUS  |b SSUS  |d 2015-01-08  |g 22.00  |o M1 VAL/K  |p 001655  |r 2015-01-08  |v 0.00  |w 2015-01-08  |y BK 
952 |0 0  |1 0  |4 0  |6 M_1_000000000000000_VAL_K  |7 0  |9 31146  |a SSUS  |b SSUS  |d 2015-01-08  |g 22.00  |o M1 VAL/K  |p CD1445  |r 2015-01-08  |v 0.00  |w 2015-01-08  |y BK 
952 |0 0  |1 0  |4 0  |6 M_1_000000000000000_VAL_K  |7 0  |9 31147  |a SSUS  |b SSUS  |d 2015-01-08  |g 22.00  |o M1 VAL/K  |p 001035  |r 2015-01-08  |v 0.00  |w 2015-01-08  |y BK